| 000 | 00530nam a2200097Ia 4500 | ||
|---|---|---|---|
| 008 | 170517s9999 xx 000 0 und d | ||
| 245 | 4 | _aThe Way of All Flesh | |
| 300 | _aIn 1951, a woman died in Baltimore, America. She was called Henrietta Lacks. These are cells from her body. They were taken from her just before she died. They have been growing and multiplying ever since. There are now billions of these cells in laboratories around... | ||
| 650 | _xTechnology. | ||
| 856 | _uhttp://topdocumentaryfilms.com/the-way-of-all-flesh/ | ||
| 999 |
_c335128 _d335128 |
||